000 00644nam a22002057a 4500
005 20251108172516.0
008 250721s1982 xx 000 0 ara d
082 1 4 _a216.4/بدر
100 1 _aبدران، بدران أبو العينين
245 1 0 _aأحكام الوصايا و الأوقاف /
264 1 _aالإسكندرية :
_bمؤسسة شباب الجامعة،
_c1982.
300 _a334ص.
650 1 7 _aالوصية
650 1 7 _aالشريعة الإسلامية
650 1 7 _aالأحكام الشرعية
650 1 7 _aالفقهالإسلامي
650 1 7 _aالقانون
942 _2ddc
_cBK
999 _c81165
_d81165